Quiz Culture générale - Suisse - Statistiques

Statistiques générales
  • Ce quiz a été pris 71 fois
  • Le résultat moyen est 11 sur 15
Statistiques - réponses
Hint Réponse % Correct
Quelle ville suisse est célèbre pour son Jet d’eau ? Genève
93%
Combien de langues officielles y a-t-il en Suisse ? 4
92%
Quelle ville suisse est connue pour son festival de jazz et de comédie ? Montreux
84%
Quelle entreprise suisse est le leader mondial dans l’industrie agroalimentaire ? Nestlé
84%
Quel fleuve prend sa source en Suisse et traverse plusieurs pays européens ? Rhin
84%
Quelle chaîne de montagnes couvre une grande partie de la Suisse ? Alpes
82%
Quelle place financière suisse est l'une des plus importantes au monde ? Zurich
80%
Canton où l'italien est la seule langue officielle Tessin
77%
Quelle célèbre marque de chocolat suisse a un logo avec un ours caché dans une montagne ? Toblerone
74%
Quelle institution internationale a son siège à Genève ? ONU
72%
Un célèbre supermarché suisse commençant par un M Migros
69%
Ville connue pour son importance dans le milieu de la pharmaceutique Bâle
62%
Quel jour à lieu la Fête Nationale Suisse ? 1er aout
56%
Comment s’appelle le grand accélérateur de particules situé près de Genève ? CERN
56%
Quel est le plus grand lac entièrement situé en Suisse ? Le lac de Neuchâtel
43%
Aucun quiz correspondant
Distribution des résultats
% des personnes avec chaque résultat
Percentile par nombre de réponses
Votre historique - résultats
Vous n’avez pas pris ce quiz